00905nam a2200253 a 450000100100000000500170001000800410002702000150006802000150008304000250009804100390012308200190016210000200018124000470020124501170024826000370036530000210040253400560042350500220047965000590050165000360056070000210059670000340061700002366620200930022401.0101217s1981 mx 000 0 spa d a9681305612 a9681305612 aDO-SdBNPbspacBNPHU17aspaheng2Código de idiomas MARC a370.102bS785i1 aStanford, Gene.10aHuman interaction in education.lEspañol10aInteracción humana en la educación /cGene Stanford y Albert E. Roark ; traducción Xavier Ochoa Álvarez. aMéxico, D. F. :bDiana,c1981. a350 p. ;c22 cm. aTítulo original :tHuman interaction in education0 aIncluye índice. 4aAnálisis del proceso de integración en educación 4aTrabajo en grupos (educación)1 aRoark, Albert E.1 aOchoa Álvarez, Xavier,etr.